Rai Technology Research & Innovation (Record no. 5639)

MARC details
000 -LEADER
fixed length control field 00290nam a22001097a 4500
005 - DATE AND TIME OF LATEST TRANSACTION
control field 20171028120004.0
008 - FIXED-LENGTH DATA ELEMENTS--GENERAL INFORMATION
fixed length control field 171028b xxu||||| |||| 00| 0 eng d
022 ## - INTERNATIONAL STANDARD SERIAL NUMBER
ISSN 2321-3213
245 ## - TITLE STATEMENT
Title Rai Technology Research & Innovation
260 ## - PUBLICATION, DISTRIBUTION, ETC. (IMPRINT)
Place of publication Ranchi
Name of publisher Jharkhand Rai University
Year of publication 2017
942 ## - ADDED ENTRY ELEMENTS (KOHA)
Koha item type Journals/Serial
Holdings
Lost status Damaged status Home library Current library Date acquired Cost, normal purchase price Accession Number Koha item type
    JRU Library   28/10/2017 250.00 RTJ0001 Journals/Serial